书目信息 |
| 题名: |
基于严格语音对应的苗瑶语历史比较研究
|
|
| 作者: | 汪锋 , 张原 著 | |
| 分册: | ||
| 出版信息: | 北京 北京大学出版社 2024.09 |
|
| 页数: | 10,292页 | |
| 开本: | 24cm | |
| 丛书名: | ||
| 单 册: | ||
| 中图分类: | H43 | |
| 科图分类: | ||
| 主题词: | 苗瑶语族--语音--对比研究 | |
| 电子资源: | ||
| ISBN: | 978-7-301-34799-7 | |
| 000 | 01777nam0 2200289 450 | |
| 001 | 01221837 | |
| 005 | 20250924231643.90 | |
| 010 | @a978-7-301-34799-7@dCNY68.00 | |
| 100 | @a20241211d2024 em y0chiy0120 ea | |
| 101 | 0 | @achi |
| 102 | @aCN@b110000 | |
| 105 | @aak az 000yy | |
| 106 | @ar | |
| 200 | 1 | @a基于严格语音对应的苗瑶语历史比较研究@9ji yu yan ge yu yin dui ying de miao yao yu li shi bi jiao yan jiu@dA comparative study of miao-yao languages based on rigorous sound correspondences@f汪锋,张原著@zeng |
| 210 | @a北京@c北京大学出版社@d2024.09 | |
| 215 | @a10,292页@c图@d24cm | |
| 314 | @a汪锋,北京大学中文系语言学教授。1994年—2001年就读于北京大学中文系,获本科、硕士学位,2001年—2004年就读于香港城市大学,师从王士元教授,获博士学位。 | |
| 314 | @a张原,杜克大学博士,北京大学数学科学学院助理教授,研究员。 | |
| 320 | @a有书目(第263-271页) | |
| 330 | @a本书稿检讨了苗瑶语历史比较的历史,认为解决苗瑶语的亲缘定位问题必须考虑其语音对应的基础。当前最严格的语音对应要求包括普遍对应和完全对应两方面,充分考虑这些要求,才能施用词阶法等判定方法。语音对应的建立以及严格语音对应标准的筛选都涉及大量的数据处理,本书稿尝试将历史比较的基本原则与计算程序的设计配合起来,加强比较材料处理上的自动化以及历史重构工作中的概率辅助。本书稿分析了传统苗瑶语比较的经验基础与概率基础,展示了二者的结合或许更能促进对历史真实的逼近。沿着这一方向,将概率辅助、计算机程序自动处理数据和历史比较的任务结合起来,汉藏语言、中国语言、乃至世界语言的谱系或许在不远的将来能精细而准确的绘制出来。 | |
| 510 | 1 | @aComparative study of miao-yao languages based on rigorous sound correspondences@zeng |
| 606 | 0 | @a苗瑶语族@x语音@x对比研究 |
| 690 | @aH43@v5 | |
| 701 | 0 | @a汪锋@9wang feng@4著 |
| 701 | 0 | @a张原@9Zhang Yuan@4著 |
| 801 | 0 | @aCN@c20250910 |
| 905 | @a河南城建学院图书馆@dH43@eW052@ZW052@f1 | |
| 基于严格语音对应的苗瑶语历史比较研究=A comparative study of miao-yao languages based on rigorous sound correspondences/汪锋,张原著.-北京:北京大学出版社,2024.09 |
| 10,292页:图;24cm |
| ISBN 978-7-301-34799-7:CNY68.00 |
| 本书稿检讨了苗瑶语历史比较的历史,认为解决苗瑶语的亲缘定位问题必须考虑其语音对应的基础。当前最严格的语音对应要求包括普遍对应和完全对应两方面,充分考虑这些要求,才能施用词阶法等判定方法。语音对应的建立以及严格语音对应标准的筛选都涉及大量的数据处理,本书稿尝试将历史比较的基本原则与计算程序的设计配合起来,加强比较材料处理上的自动化以及历史重构工作中的概率辅助。本书稿分析了传统苗瑶语比较的经验基础与概率基础,展示了二者的结合或许更能促进对历史真实的逼近。沿着这一方向,将概率辅助、计算机程序自动处理数据和历史比较的任务结合起来,汉藏语言、中国语言、乃至世界语言的谱系或许在不远的将来能精细而准确的绘制出来。 |
| ● |
| 相关链接 |
|
|
|
正题名:基于严格语音对应的苗瑶语历史比较研究
索取号:H43/W052
 
预约/预借
| 序号 | 登录号 | 条形码 | 馆藏地/架位号 | 状态 | 备注 |
| 1 | 1635263 | 216352630 | 语言库209/209语言库 135排2列6层/ [索取号:H43/W052] | 在馆 |